00674nam a2200241 a 4500001001300000003000900013005001700022008004100039020000800080082001500088100001800103245004600121260003600167300000800203500003500211505001000246650001700256700001800273902000800291942000700299952011100306999001500417nice12345678IN_TiNIC20260116011500.0050524s1946 dela grp 000 0 eng  ac000a297.4bPAK aPakhurst, C A aSome Famous Mohammedan Saints and Shrines aDelhibAastana Book Depotc1946 a36p aincludes index and biblioraphy2 aIndex aShrine-Islam1 aPakhurst, C A bSRS cBK 001040708StackRoom-aHMIbHMId2005-05-24g0.00l0o297.4 PAKp01587r2005-05-24v0.00w2005-05-24yBK c1927d1927